Statystyki dla Bundesliga TOTS - FIFA 21

Kliknij tutaj aby rozwiązać quiz!

Ogólne statystyki

  • Ten quiz został rozwiązany 1 404 razy
  • Średni wynik to 13 z 15

Statystyki odpowiedzi

OverallNarodowośćKlubPiłkarz% Poprawnych
98PolskaBayernLewandowski
99%
91KanadaBayernDavies
95%
95NorwegiaDortmundHaaland
95%
95NiemcyBayernNeuer
95%
96NiemcyBayernKimmich
94%
96AngliaDortmundSancho
91%
94NiemcyBayernMuller
90%
91PortugaliaFrankfurtSilva
88%
93FrancjaBayernComan
87%
95NiemcyBayernGoretzka
87%
93NiemcyDortmundHummels
85%
92AustriaRB LipskSabitzer
80%
90HiszpaniaRB LipskAngelino
73%
88NiemcyWolfsburgBaku
72%
90FrancjaWolfsburgLacroix
70%

Rozkład punktacji

Percentyl według liczby udzielonych odpowiedzi

Procent ludzi z każdym wynikiem

Twoja historia wyników

Nie rozwiązałeś tego quizu